Economía del trabajo / (Record no. 143064)

MARC details
000 -LEADER
campo de control de longitud fija 00724nam a2200217 i 4500
001 - NÚMERO DE CONTROL
campo de control 143064
003 - IDENTIFICADOR DE NÚMERO DE CONTROL
campo de control ES-MaACL
005 - FECHA Y HORA DE LA ÚLTIMA TRANSACCIÓN
campo de control 20250928131016.0
007 - CAMPO FIJO DE DESCRIPCIÓN FÍSICA--INFORMACIÓN GENERAL
campo de control de longitud fija t|
008 - DATOS DE LONGITUD FIJA--INFORMACIÓN GENERAL
campo de control de longitud fija 070214s1964 sp r ||||1| spa d
100 1# - ENTRADA PRINCIPAL--NOMBRE DE PERSONA
Nombre de persona Sellier, François.
9 (RLIN) 105334
245 10 - MENCIÓN DEL TÍTULO
Título Economía del trabajo /
Mención de responsabilidad, etc. François Sellier, André Tiano ; prólogo de Manuel Alonso García ; versión de Francisco Sanuy.
260 ## - PUBLICACIÓN, DISTRIBUCIÓN, ETC.
Lugar de publicación, distribución, etc. Barcelona :
Nombre del editor, distribuidor, etc. Ariel,
Fecha de publicación, distribución, etc. 1964.
300 ## - DESCRIPCIÓN FÍSICA
Extensión 527 p. ;
Dimensiones 24 cm.
650 #7 - PUNTO DE ACCESO ADICIONAL DE MATERIA--TÉRMINO DE MATERIA
Término de materia o nombre geográfico como elemento de entrada Economía del trabajo
Fuente del encabezamiento o término embne
9 (RLIN) 165298
700 1# - ENTRADA AGREGADA--NOMBRE PERSONAL
Nombre de persona Tiano, André.
9 (RLIN) 110201
700 1# - ENTRADA AGREGADA--NOMBRE PERSONAL
Nombre de persona Alonso García, Manuel,
Fechas asociadas al nombre 1926-1988
9 (RLIN) 20324
700 1# - ENTRADA AGREGADA--NOMBRE PERSONAL
Nombre de persona Sanuy, Francesc.
9 (RLIN) 103550
852 ## - LOCALIZACIÓN
Ubicación ES-MaACL
Número de control de estantería E-5322
Holdings
Estatus retirado Estado de pérdida Estado de daño No para préstamo Biblioteca de origen Biblioteca actual Ubicación en estantería Fecha de adquisición Fuente de adquisición Total de préstamos Signatura topográfica completa Código de barras Visto por última vez Precio de reemplazo Tipo de ítem Koha
        Biblioteca del Ateneo de Madrid Biblioteca del Ateneo de Madrid Depósito 2 17/01/2008     E-5322 1148849 23/02/2023 23/02/2023 Libro impreso